LEADER 01182nam 2200385 450 001 9910511766103321 005 20190524174425.0 010 $a92-4-069917-1 035 $a(CKB)4100000000588790 035 $a(MiAaPQ)EBC5916246 035 $a(EXLCZ)994100000000588790 100 $a20191031d2016 uy 0 101 0 $aeng 135 $aurcnu|||||||| 181 $ctxt$2rdacontent 182 $cc$2rdamedia 183 $acr$2rdacarrier 200 10$aVoluntary health insurance in Europe $erole and regulation /$fwritten by Anna Sagan and Sarah Thomson 210 1$aCopenhagen, Denmark :$cWorld Health Organization :$cEuropean Observatory on Health Systems and Policies,$d[2016] 210 4$d©2016 215 $a1 online resource (xvi, 122 pages) 311 $a92-890-5038-1 606 $aHealth insurance$zEurope 608 $aElectronic books. 615 0$aHealth insurance 676 $a368.38 700 $aSagan$b Anna$01067230 702 $aThomson$b Sarah 801 0$bMiAaPQ 801 1$bMiAaPQ 801 2$bMiAaPQ 906 $aBOOK 912 $a9910511766103321 996 $aVoluntary health insurance in Europe$92550735 997 $aUNINA LEADER 01482nam a2200349 i 4500 001 991000937469707536 005 20020507104114.0 008 970307s1991 us ||| | eng 020 $a0819404446 035 $ab10150699-39ule_inst 035 $aLE00639422$9ExL 040 $aDip.to Fisica$bita 084 $a53.2.65 084 $a53.8.3 084 $a621.36'63 084 $aTA1695 111 2 $aSpie Conference on excimer laser materials processing and beam delivery systems$0461960 245 10$aExcimer laser materials processing and beam delivery systems :$bproceedings of SPIE (8-9 November 1990 Boston, Massachusetts) /$cBernhard P. Piwczyk (ed.) 260 $aBellingham :$bSPIE,$cc1991 300 $avii, 135 p. :$bill. ;$c28 cm. 490 0 $aSPIE Proceedings ;$v1377 500 $aIncludes bibliographical references and index. 650 4$aExcimer lasers$xCongresses 700 1 $aPiwczyk, Bernhard P.$eauthor$4http://id.loc.gov/vocabulary/relators/aut$0733161 710 2 $aSPIE 907 $a.b10150699$b17-02-17$c27-06-02 912 $a991000937469707536 945 $aLE006 53.2.65 PIW$g1$i2006000011563$lle006$o-$pE0.00$q-$rl$s- $t0$u0$v0$w0$x0$y.i10180564$z27-06-02 945 $aLE006 53.2.65 PIW$g2$i2006000011570$lle006$o-$pE0.00$q-$rl$s- $t0$u0$v0$w0$x0$y.i10180576$z27-06-02 996 $aExcimer laser materials processing and beam delivery systems$91444814 997 $aUNISALENTO 998 $ale006$b01-01-97$cm$da $e-$feng$gus $h0$i2 LEADER 03076nam 2201081z- 450 001 9910639992703321 005 20231214133139.0 010 $a3-0365-6127-7 035 $a(CKB)5470000001633426 035 $a(oapen)https://directory.doabooks.org/handle/20.500.12854/95897 035 $a(EXLCZ)995470000001633426 100 $a20202301d2022 |y 0 101 0 $aeng 135 $aurmn|---annan 181 $ctxt$2rdacontent 182 $cc$2rdamedia 183 $acr$2rdacarrier 200 10$aPolyphenolic Compounds in Wine and Beer 210 $aBasel$cMDPI - Multidisciplinary Digital Publishing Institute$d2022 215 $a1 electronic resource (204 p.) 311 $a3-0365-6128-5 330 $aThis reprint describes the polyphenolic composition of wine and beer, with a special emphasis on extractive and analytical aspects. Furthermore, the effects of wine and beer polyphenols on human health are studied in the depth. 606 $aResearch & information: general$2bicssc 606 $aBiology, life sciences$2bicssc 606 $aFood & society$2bicssc 610 $abeer 610 $apolyphenols 610 $aantioxidant activity 610 $awalnut 610 $achestnut 610 $agreen tea 610 $acoffee 610 $acocoa 610 $ahoney 610 $alicorice 610 $aantioxidants 610 $aprenylated flavonoids 610 $atyrosol 610 $ahydroxytyrosol 610 $aalkylresorcinols 610 $ahops 610 $amalt 610 $ahealth 610 $amenopause 610 $apolyphenol 610 $aphytoestrogen 610 $aprenylnarigenin 610 $ahumulones 610 $aethanol 610 $abioactives 610 $aresveratrol 610 $ared wine 610 $aethylchloroformate 610 $agas chromatography?mass spectrometry 610 $aalcohol 610 $abutyric acid 610 $afiber 610 $adrinking pattern 610 $awine 610 $awinemaking 610 $abrewing 610 $aphenolic compounds 610 $abinding 610 $ahealth properties 610 $adocking 610 $aMencía 610 $aJean 610 $aterroir 610 $aanthocyanins 610 $aphenolic acids 610 $aflavonols 610 $awine color 610 $aphenols 610 $aHPLC-UV-ESI-MSn 610 $afree anthocyanins 610 $aco-pigmented anthocyanins 610 $amixed fermentation 610 $astarmerella bacillaris 610 $aPCA 610 $ahydroxycinnamic acids 610 $acaftaric acid 610 $averjuice 610 $aFPLC 610 $aunripe grape juice 615 7$aResearch & information: general 615 7$aBiology, life sciences 615 7$aFood & society 700 $aNardini$b Mirella$4edt$0424817 702 $aNardini$b Mirella$4oth 906 $aBOOK 912 $a9910639992703321 996 $aPolyphenolic Compounds in Wine and Beer$93026020 997 $aUNINA